[Event "Benidorm op U2000 18th"]
[Site "Benidorm"]
[Date "2019.12.04"]
[Round "7"]
[White "Scala, Ljubomir"]
[Black "Strand, Amund Pihl"]
[Result "1/2-1/2"]
[WhiteElo "1952"]
[BlackElo "1705"]
[PlyCount "80"]
[EventDate "2019.11.29"]
[EventType "swiss"]
[EventRounds "10"]
[EventCountry "ESP"]
[SourceTitle "EXT 2022"]
[Source "ChessBase"]
[SourceDate "2021.10.06"]
[SourceVersion "1"]
[SourceVersionDate "2021.10.06"]
[SourceQuality "1"]

1. d4 d5 2. Nh3 Bxh3 3. gxh3 c5 4. c3 cxd4 5. cxd4 Nc6 6. e3 Nf6 7. Nd2 e6 8. a3 Qc7 9. b4 Bd6 10. Nf3 a6 11. Bd3 e5 12. dxe5 Nxe5 13. Bb2 0-0 14. Rc1 Qe7 15. Be2 Rac8 16. Nd4 Qd7 17. Rxc8 Rxc8 18. Nf3 Qf5 19. Rg1 Nfd7 20. Nxe5 Bxe5 21. Bg4 Qc2 22. Bxd7 Bxb2 23. Qxc2 Rxc2 24. Rg5 Bxa3 25. Rxd5 Bxb4+ 26. Kf1 a5 27. Ba4 Rd2 28. Rb5 Ra2 29. Bb3 Rb2 30. Bd5 Bc3 31. Rxb7 Rxb7 32. Bxb7 a4 33. Bd5 a3 34. Ke2 g6 35. f4 Kg7 36. e4 f6 37. h4 h6 38. Ba2 g5 39. hxg5 hxg5 40. Kf3 gxf4 1/2-1/2

[Event "Benidorm op U2000 14th"]
[Site "Benidorm"]
[Date "2015.11.29"]
[Round "2"]
[White "Garcia Blazquez, Perez Manuel"]
[Black "Scala, Ljubomir"]
[Result "0-1"]
[WhiteElo "1795"]
[BlackElo "1950"]
[PlyCount "116"]
[EventDate "2015.11.28"]
[EventType "swiss"]
[EventRounds "10"]
[EventCountry "ESP"]
[SourceTitle "CBM 169 Extra"]
[Source "ChessBase"]
[SourceDate "2015.12.18"]
[SourceVersion "1"]
[SourceVersionDate "2015.12.18"]
[SourceQuality "1"]

1. e4 e6 2. d3 d5 3. Nd2 c5 4. g3 Nc6 5. Bg2 Nf6 6. Ngf3 Be7 7. 0-0 0-0 8. Re1 a5 9. c3 b5 10. a3 Ba6 11. e5 Nd7 12. d4 Qb6 13. Nf1 b4 14. axb4 axb4 15. h4 Bxf1 16. Rxa8 Rxa8 17. Rxf1 Ra1 18. Qd2 Na5 19. h5 h6 20. Qf4 Nb3 21. Be3 Rxf1+ 22. Bxf1 bxc3 23. bxc3 Qa5 24. Bd2 c4 25. g4 Qa2 26. Be3 Nf8 27. g5 hxg5 28. Nxg5 Bxg5 29. Qxg5 Qc2 30. Qd8 Nd2 31. Bg2 Qd1+ 32. Kh2 Qxh5+ 33. Kg3 Qg6+ 34. Kh2 Nb1 35. Bc1 f6 36. Qb8 Nxc3 37. Ba3 Qf7 38. Qc8 fxe5 39. Bxf8 exd4 40. Bc5+ Kh7 41. Kg1 Ne2+ 42. Kf1 d3 43. Bxd5 exd5 44. Qh3+ Kg6 45. Qg4+ Kf6 46. Qf3+ Ke6 47. Qg4+ Qf5 48. Qh4 g5 49. Qh8 Qg6 50. Qc8+ Ke5 51. Qh8+ Qf6 52. Qe8+ Kf5 53. Qc8+ Kg6 54. Qg8+ Kh5 55. Qe8+ Kg4 56. Qc8+ Kh4 57. Be3 Qa1+ 58. Kg2 Qg1+ 0-1

[Event "Cannes op"]
[Site "Cannes"]
[Date "2007.02.24"]
[Round "8"]
[White "Scala, Ljubomir"]
[Black "Pierrard, Bernard"]
[Result "1-0"]
[WhiteElo "2063"]
[BlackElo "1976"]
[PlyCount "95"]
[EventDate "2007.02.18"]
[EventType "swiss"]
[EventRounds "9"]
[EventCountry "FRA"]
[SourceTitle "CBM 116 Extra"]
[Source "ChessBase"]
[SourceDate "2007.03.07"]
[SourceVersion "1"]
[SourceVersionDate "2007.03.07"]
[SourceQuality "1"]

1. d4 d5 2. Bf4 Bf5 3. e3 e6 4. Bd3 Bxd3 5. Qxd3 c6 6. Nf3 Nf6 7. Nbd2 Nbd7 8. 0-0 Be7 9. Rfe1 Nh5 10. a4 a5 11. c3 0-0 12. Nf1 Nxf4 13. exf4 Qc7 14. f5 e5 15. dxe5 Nc5 16. Qc2 Qb6 17. Ng3 Rad8 18. Nd4 f6 19. e6 Rfe8 20. Rad1 Bd6 21. Nh5 Re7 22. Kh1 Rf8 23. Re3 Qc7 24. Ne2 Ne4 25. Neg3 Bc5 26. Re2 Nd6 27. b3 Nc8 28. Nf1 Ree8 29. Ne3 Ne7 30. Ng4 Rd8 31. Qd3 Nc8 32. f4 Be7 33. Re3 Nd6 34. Nf2 Kh8 35. g4 Qb6 36. Rb1 Ne4 37. Nxe4 dxe4 38. Qxe4 Rd2 39. b4 Rfd8 40. Qf3 R8d5 41. Ng3 Qd8 42. Nf1 Ra2 43. bxa5 Qc7 44. a6 bxa6 45. Qe4 a5 46. Rf3 Qd6 47. Qc4 Ra3 48. Rb7 1-0

[Event "Corsica Masters op"]
[Site "Bastia"]
[Date "2005.11.01"]
[Round "5"]
[White "Scala, Ljubomir"]
[Black "Barsov, Alexei"]
[Result "0-1"]
[WhiteElo "2076"]
[BlackElo "2517"]
[PlyCount "44"]
[EventDate "2005.10.30"]
[EventType "swiss (rapid)"]
[EventRounds "7"]
[EventCountry "FRA"]
[SourceTitle "EXT 2006"]
[Source "ChessBase"]
[SourceDate "2005.11.24"]
[SourceVersion "1"]
[SourceVersionDate "2005.11.24"]
[SourceQuality "1"]

1. d4 e6 2. Nf3 d5 3. g3 c5 4. c3 Nc6 5. Bg2 Nf6 6. 0-0 Bd7 7. Re1 h6 8. Nbd2 cxd4 9. cxd4 Qb6 10. Qb3 Bd6 11. e4 Qxb3 12. axb3 Bb4 13. exd5 Nxd5 14. Re2 Na5 15. Ne5 Bb5 16. Nec4 Nxb3 17. Bxd5 Nxa1 18. b3 0-0 19. Rxe6 fxe6 20. Bxe6+ Kh7 21. Bb2 Rae8 22. d5 Bxd2 0-1